Online Catalogue and eLibrary

Women and social protest / (Record no. 501)

MARC details
000 -LEADER
fixed length control field 00736pam a2200253 a 4500
001 - CONTROL NUMBER
control field 1983487
005 - DATE AND TIME OF LATEST TRANSACTION
control field 20240227052250.0
008 - FIXED-LENGTH DATA ELEMENTS--GENERAL INFORMATION
fixed length control field 891219s1990 nyua b 001 0 eng
020 ## - INTERNATIONAL STANDARD BOOK NUMBER
ISBN 0195061187
020 ## - INTERNATIONAL STANDARD BOOK NUMBER
ISBN 0195065174 (pbk.)
040 ## - CATALOGING SOURCE (பட்டியலாக்க மூலம்)
Original cataloging agency DLC
Transcribing agency DLC
Modifying agency DLC
082 00 - DDC Classification
Class No. 323.334.
DDC Edition Number 20
Item Number - Author Mark WOM.
245 00 - TITLE STATEMENT
Title Women and social protest /
Statement of responsibility, etc. edited by Guida West, Rhoda Lois Blumberg.
260 ## - PUBLICATION, DISTRIBUTION, ETC.
Place of publication, distribution, etc. New York :
Name of publisher, distributor, etc. Oxford University Press,
Date of publication, distribution, etc. 1990.
300 ## - PHYSICAL DESCRIPTION
Extent (e.g. Volumes, Pages etc.) x, 406 p. :
650 #0 - SUBJECT ADDED ENTRY--TOPICAL TERM
Topical term or geographic name entry element Women
650 #0 - SUBJECT ADDED ENTRY--TOPICAL TERM
Topical term or geographic name entry element Women's rights.
650 #0 - SUBJECT ADDED ENTRY--TOPICAL TERM
Topical term or geographic name entry element Social movements.
650 #0 - SUBJECT ADDED ENTRY--TOPICAL TERM
Topical term or geographic name entry element Feminism.
700 1# - ADDED ENTRY--PERSONAL NAME
Personal name West, Guida.
Relator term (Role) Editor
700 1# - ADDED ENTRY--PERSONAL NAME
Personal name Blumberg, Rhoda Lois.
856 42 - ELECTRONIC LOCATION AND ACCESS
Uniform Resource Identifier <a href="http://www.loc.gov/catdir/enhancements/fy0604/89078129-d.html">http://www.loc.gov/catdir/enhancements/fy0604/89078129-d.html</a>
942 ## - Koha item type (Biblio)
Koha item type Books in Stacks (Lending)
Holdings
Lost status Damaged status Collection code Home library Current library Date acquired Full call number Accession Number Item type
    Lending WERC Library WERC Library 02/27/2024 323.334. WOM. 2181 Books in Stacks (Lending)

© WERC Library